000 00881cab a2200241 4500
001 WB3301-15
008 090401t1996 xxu||||| |||| 00| 0 eng d
035 _a(Sirsi) u12809
041 _aeng
245 _aLiffe building
260 _c1996
350 _a0
490 _aFinancial Times
_v24 December 1996, 1&18(1)
520 _aThe Corporation of London has scored a crucial victory in its battle to keep traditional activities in and around the Square Mile with a commitment by Liffe, the London International Financial Futures and Options Exchnage, to stay in the City at Spitalfields.
650 _aCITY OF LONDON
650 _aCORPORATION OF LONDON
650 _aFINANCIAL CENTRES
650 _aLONDON INTERNATIONAL FINANCIAL FUTURES AND OPTIONS EXCHANGE
650 _aSQUARE MILE
690 _aPROPERTY-COMMERCIAL PROPERTY
942 _n0
948 _c04/03/1997
999 _c8210
_d8210